Graceling
Uloženo v:
| Hlavní autor: | |
|---|---|
| Médium: | Kniha |
| Jazyk: | Undetermined |
| Vydáno: |
Novara, Italia
De Agostini
2009
|
| Témata: | |
| Tagy: |
Přidat tag
Žádné tagy, Buďte první, kdo vytvoří štítek k tomuto záznamu!
|
MARC
| LEADER | 00000nam a2200000Ia 4500 | ||
|---|---|---|---|
| 008 | 170316s9999 xx 000 0 und d | ||
| 040 | |a cru BVZT | ||
| 090 | |a 850 C-2.1g | ||
| 100 | |a Cashore, Kristin | ||
| 245 | |a Graceling | ||
| 260 | |a Novara, Italia | ||
| 260 | |b De Agostini | ||
| 260 | |c 2009 | ||
| 300 | |a 496 páginas | ||
| 650 | |a LITERATURA ITALIANA | ||
| 650 | |a EN IDIOMA ITALIANO | ||
| 650 | |a NOVELA | ||
| 999 | |c 8124 |d 8124 | ||
| 942 | |c 15 D |h 850 C-2.1g |2 z | ||
